000 01852nam0a2200433 4500
001 RU\NLR\BIBL_A\022671418
005 20251208142058.0
010 _a978-5-04-211103-7
_93000
021 _aRU
_bКН-П-25-061239
_9КН-П-25-5910
035 _a(NLR Aleph) 022671418
090 _a13498327
_c13498327
100 _a20251121d2025 d y0rusy50 ca
101 1 _arus
_cger
102 _aRU
105 _aa zt 000ay
181 0 _ab3
_bbb2e
181 0 _ai2
_baxxe
182 0 _an
200 1 _aГид по рисованию комиксов
_e[для среднего школьного возраста]
_fДаниэль Блекманн, Томас Гуссунг
_g[перевод с немецкого Анастасии Никаевой]
203 _aИзображение
_aТекст
_bвизуальные
_cнепосредственные
210 _aМосква
_cЭксмо, #эксмодетство
_d2025
215 _a78, [1] с.
_cил., цв. ил.
_d24
225 1 _aХроники гоблина
309 _aОписано по обл. Текст и ил. частично в виде комиксов
333 _a6+
606 1 _aКомикс
_jИздания для детей
_xТехника
_92592441
_3RU\NLR\AUTH\661531952
686 0 _aШ9
_bЩ
686 0 _aШ9(4Г)62-4Б.
686 0 _aШ9(4Г)62-4Г.
700 1 _7ca
_8rus
_aБлекманн
_bД.
_f1977-
_gДаниэль
_92672098
_3RU\NLR\AUTH\770282658
701 1 _7ca
_8rus
_aГуссунг
_bТ.
_f1990-
_gТомас
_92650388
_3RU\NLR\AUTH\770278421
942 _cBOOK
980 _aNB